000
00312nam a22001337a 4500
008
260323b ||||| |||| 00| 0 eng d
020
_a
9789951057431
041
_a
eng
080
_a
821.18
100
_a
26
101
_a
Prralla
245
_a
Kallëzimet e Gjyshes Pastërtores
_c
Bedri Dedja
942
_2
udc
_c
BK
999
_c
60912
_d
60912